000 00829nam a2200253Ia 4500
003 OSt
005 20220923215629.0
006 a|||||r|||| 00| 0
007 ta
008 220922b |||||||| |||| 00| 0 hin d
024 _a180,400
037 _cTextual
040 _aARTS
_cARTS
_bhin
041 _2hin
_ahin
082 _aY:1.2, 152N3
100 _aवशिष्ट, सुदर्शन
_9156271
245 0 _aकैलास पर चाँदनी
246 _aKailās par chāँdanī
260 _aदिल्ली
_b हिमाचल पुस्तक भण्डार
_c1993
300 _a167 पृ.
_ccm.
650 _aभारतीय-लोक साहित्य
942 _hY:1.2, 152N3
_cTEXL
_2CC
999 _c333778
_d333778